000 00511nam a2200217Ia 4500
003 0100
008 130303s9999 xx 000 0 und d
020 _a080506088X
040 _cARRUPELIB
050 _aD421.P66 1999
100 _aPointing, Clive
245 4 _aThe twentieth century
245 _ba world history
260 _aNew York
260 _bHenry Holt and company
260 _C1999
300 _a584p.
300 _b 25cm
650 _bBible NT Gospels--Meditations
942 _2lcc
_01
999 _c62894
_d62894